ბათუმის შოთა რუსთაველის სახელმწიფო უნივერსიტეტის ბიბლიოთეკა

Audit Risk Assessment Made Easy: (ბიბ.ჩანაწერი № 61304)

000 -LEADER
fixed length control field 00615nam a22001937a 4500
005 - DATE AND TIME OF LATEST TRANSACTION
control field 20240201152704.0
008 - FIXED-LENGTH DATA ELEMENTS--GENERAL INFORMATION
fixed length control field 240201s2021 en ||||| |||| 00| 0 eng d
020 ## - INTERNATIONAL STANDARD BOOK NUMBER
International Standard Book Number 9780578961675 X
041 ## - LANGUAGE CODE
Language code of text/sound track or separate title eng
080 ## - UNIVERSAL DECIMAL CLASSIFICATION NUMBER
Universal Decimal Classification number 657.7 H-19
100 ## - MAIN ENTRY--PERSONAL NAME
Personal name Hall, Charles (Author)
9 (RLIN) 21171
245 ## - TITLE STATEMENT
Title Audit Risk Assessment Made Easy:
Remainder of title Seeing What Others Miss /
Statement of responsibility, etc. Charles Hall
264 ## - PRODUCTION, PUBLICATION, DISTRIBUTION, MANUFACTURE, AND COPYRIGHT NOTICE
Place of production, publication, distribution, manufacture Middetowen,
Date of production, publication, distribution, manufacture, or copyright notice 2021.
300 ## - PHYSICAL DESCRIPTION
Extent 143 pages:
Other physical details 22 cm.
653 ## - INDEX TERM--UNCONTROLLED
keyword Audit Risk Assessment Made Easy: Seeing What Others Miss
653 ## - INDEX TERM--UNCONTROLLED
keyword აუდიტი
653 ## - INDEX TERM--UNCONTROLLED
keyword ბუღალტერია
942 ## - ADDED ENTRY ELEMENTS (KOHA)
Source of classification or shelving scheme
Koha item type წიგნი
ეგზემპლარები
Withdrawn status Lost status Source of classification or shelving scheme Damaged status Not for loan Permanent Location Current Location Shelving location Date acquired Cost, normal purchase price Full call number Barcode Date last seen Copy number Price effective from Koha item type Public note
          ბათუმის შოთა რუსთაველის სახელმწიფო უნივერსიტეტის მთავარი ბიბლიოთეკა ბათუმის შოთა რუსთაველის სახელმწიფო უნივერსიტეტის მთავარი ბიბლიოთეკა წიგნსაცავი 2024-02-01 102.00 657.7 H-19 67221 2024-02-01 67221 2024-02-01 წიგნი 102.00